00478nam a2200181Ii 45000010005000000030009000050080041000140400033000550410008000880820020000961000021001162450013001372640053001503000012002033360026002153370028002413380027002692533CO-ViMGA241108s9999||||xx |||||||||||||| ||und|| aCO-ViMGAbspaerdacCO-ViMGA0 aspa04aFA 843.8 - M18g1 aFrancois Mauriac10aGenitrix 1aBuenos Aires, Argentina : Editorial Losada, 1956 avolumen atextbtxt2rdacontent aunmediatedbn2rdamedia avolumebnc2rdacarrier